国家一级博物馆3座以上(含3座)的地级行政区及直辖市 - Statistics

General Stats
  • This quiz has been taken 104 times
    24 since last reset
  • The average score is 28 of 35
Answer Stats
数量 地区 % Correct
28 北京市
100%
7 南京市
100%
7 西安市
100%
6 武汉市
100%
4 济南市
100%
3 长春市
100%
3 沈阳市
100%
12 杭州市
95%
12 上海市
95%
7 成都市
95%
7 重庆市
95%
6 青岛市
95%
4 哈尔滨市
95%
4 苏州市
95%
3 郑州市
95%
8 广州市
90%
5 南昌市
90%
4 天津市
90%
3 大连市
90%
3 南宁市
90%
7 长沙市
85%
3 昆明市
85%
3 兰州市
85%
5 太原市
80%
3 洛阳市
80%
3 宁波市
80%
3 无锡市
80%
4 呼和浩特市
75%
3 贵阳市
75%
3 咸阳市
35%
3 赣州市
25%
3 济宁市
20%
3 潍坊市
20%
4 淄博市
15%
3 枣庄市
5%
No matching quizzes found
Score Distribution
Percent of People with Each Score
Percentile by Number Answered
Your Score History
You have not taken this quiz since the last reset